[Event " 3rd International Chess Festival Sport"]
[Site "Paracin"]
[Date "2010.07.10"]
[Round "2.2"]
[White "Kryakvin Dmitry"]
[Black "Doric Nenad"]
[Result "1-0"]
[WhiteElo "2603"]
[BlackElo "2322"]
[Annotator "Milojevic,Boban"]
[PlyCount "95"]
[EventDate "2010.??.??"]
[TimeControl "5400"]

1. d4 d5 2. c4 c6 3. Nf3 Nf6 4. Nc3 e6 5. Bg5 h6 6. Bxf6 Qxf6 7. Qb3 dxc4 8.
Qxc4 Nd7 9. O-O-O g6 10. h4 Bg7 11. e3 O-O 12. Bd3 Qe7 13. Kb1 e5 14. h5 exd4
15. exd4 Nb6 16. Qb3 g5 17. Rhe1 Be6 18. Qc2 Qb4 19. Ne5 Nc4 20. Bxc4 Bxc4 21.
g3 Rad8 22. f4 Be6 23. f5 Bd5 24. Qf2 Bf6 25. a3 Qd6 26. Ng4 Kg7 27. Re5 Bb3
28. Ne4 Qxe5 29. Nxe5 Bxd1 30. Nxf6 Kxf6 31. Qd2 Bxh5 32. g4 Bxg4 33. Nxg4+
Kxf5 34. Nxh6+ Kg6 35. Ng4 Rfe8 36. Qh2 Kf5 37. Ne5 Rxd4 38. Nxf7 Re1+ 39. Ka2
Rf4 40. Qg3 Ref1 41. Qxg5+ Ke4 42. Nd6+ Kd3 43. Nxb7 R4f2 44. Qg6+ Kd2 45. Qxc6
Kd1 46. Nc5 Rd2 47. Ne4 Rc2 48. Nc3+ 1-0

[Event " 3rd International Chess Festival Sport"]
[Site "Paracin"]
[Date "2010.07.10"]
[Round "2.2"]
[White "Sorgic Dragan"]
[Black "Damljanovic Branko"]
[Result "0-1"]
[WhiteElo "2310"]
[BlackElo "2541"]
[Annotator "Milojevic,Boban"]
[PlyCount "74"]
[EventDate "2010.??.??"]
[TimeControl "5400"]

1. e4 c5 2. Nf3 d6 3. c3 Nf6 4. h3 Nbd7 5. Bd3 b6 6. O-O Bb7 7. Re1 Rc8 8. b3
e5 9. Bc2 Qc7 10. d3 g6 11. Nbd2 Bg7 12. Bb2 O-O 13. Rc1 d5 14. c4 d4 15. Rb1
Ne8 16. Bc1 Nd6 17. Nh2 f5 18. f3 Bh6 19. Ndf1 Bxc1 20. Qxc1 f4 21. a3 Rce8 22.
b4 Re7 23. Nd2 h5 24. Nb3 Bc8 25. bxc5 bxc5 26. Qd2 Nb7 27. Rec1 Rf6 28. Bd1
Ra6 29. Ra1 g5 30. Qe1 Rg7 31. Rc2 Rh6 32. Qf2 Nf6 33. Kf1 g4 34. fxg4 hxg4 35.
Bxg4 Nxg4 36. Nxg4 Bxg4 37. hxg4 Na5 0-1

[Event " 3rd International Chess Festival Sport"]
[Site "Paracin"]
[Date "2010.07.10"]
[Round "2.2"]
[White "Simantsev Mikhail"]
[Black "Todorovic Bojan"]
[Result "1/2-1/2"]
[WhiteElo "2539"]
[BlackElo "2305"]
[Annotator "Milojevic,Boban"]
[PlyCount "61"]
[EventDate "2010.??.??"]
[TimeControl "5400"]

1. d4 d5 2. c4 c6 3. e3 Nf6 4. Nc3 g6 5. Nf3 Bg7 6. Bd3 O-O 7. O-O Bg4 8. h3
Bxf3 9. Qxf3 e6 10. Rd1 Nbd7 11. b3 Re8 12. Bb2 Qa5 13. Bf1 e5 14. Rab1 exd4
15. exd4 Ne4 16. b4 Qxb4 17. Ba1 Qa5 18. cxd5 Nxc3 19. Bxc3 Qxd5 20. Qxd5 cxd5
21. Rxb7 Nf8 22. a4 Rec8 23. Bb2 Rab8 24. Rb5 Ne6 25. Rc1 Rd8 26. Rd1 Rdc8 27.
Rc1 Rd8 28. Rd1 Rdc8 29. g3 Rxb5 30. axb5 Rc2 31. Ba1 1/2-1/2

[Event " 3rd International Chess Festival Sport"]
[Site "Paracin"]
[Date "2010.07.10"]
[Round "2.2"]
[White "Nestorovic Lazar"]
[Black "Pavlov Sergey"]
[Result "1/2-1/2"]
[WhiteElo "2310"]
[BlackElo "2524"]
[Annotator "Milojevic,Boban"]
[PlyCount "113"]
[EventDate "2010.??.??"]
[TimeControl "5400"]

1. e4 Nf6 2. e5 Nd5 3. Nf3 d6 4. d4 Bg4 5. Be2 c6 6. exd6 Qxd6 7. O-O Nd7 8.
Ne5 Bxe2 9. Qxe2 Nxe5 10. dxe5 Qg6 11. Nc3 O-O-O 12. Rd1 e6 13. Ne4 Be7 14. c4
Nb4 15. Bf4 c5 16. Nd6+ Bxd6 17. exd6 Nc6 18. b4 e5 19. b5 Nd4 20. d7+ Rxd7 21.
Rxd4 exf4 22. Rxd7 Kxd7 23. Rd1+ Kc8 24. Qe5 Qe6 25. Qxc5+ Kb8 26. Qd4 f3 27.
gxf3 Rc8 28. Qf4+ Ka8 29. Qe4 Kb8 30. Rd4 Rc5 31. Qxe6 fxe6 32. Rh4 h5 33. Re4
e5 34. f4 exf4 35. Rxf4 g5 36. Re4 Kc7 37. Kf1 Kd6 38. Ke2 Rf5 39. f3 Kc5 40.
a3 a6 41. bxa6 bxa6 42. Ke3 a5 43. h4 a4 44. hxg5 Rxg5 45. Rh4 Rg1 46. Rxh5+
Kxc4 47. f4 Rg3+ 48. Ke4 Rxa3 49. f5 Ra1 50. f6 a3 51. Ra5 a2 52. f7 Re1+ 53.
Kf5 a1=Q 54. Rxa1 Rxa1 55. Ke6 Rf1 56. Ke7 Rxf7+ 57. Kxf7 1/2-1/2

[Event " 3rd International Chess Festival Sport"]
[Site "Paracin"]
[Date "2010.07.10"]
[Round "2.2"]
[White "Lajthajm Borko"]
[Black "Irizanin Radoje"]
[Result "0-1"]
[WhiteElo "2493"]
[BlackElo "2300"]
[Annotator "Milojevic,Boban"]
[PlyCount "131"]
[EventDate "2010.??.??"]
[TimeControl "5400"]

1. c4 e6 2. g3 d5 3. Bg2 a6 4. cxd5 exd5 5. d4 Nf6 6. Nc3 Be7 7. Nf3 O-O 8. Qc2
Re8 9. O-O Nbd7 10. Ne5 c6 11. Bf4 Nf8 12. Rad1 Ng6 13. Nxg6 hxg6 14. f3 Be6
15. Na4 Nd7 16. e4 Rc8 17. Be3 b5 18. Nc5 Nxc5 19. dxc5 Qa5 20. b3 Qb4 21. e5
Bf5 22. Qf2 g5 23. Bd4 a5 24. g4 Be6 25. h3 Ra8 26. Rd3 a4 27. Rb1 axb3 28.
Rbxb3 Qa5 29. a3 Qc7 30. Rb4 Ra6 31. h4 gxh4 32. f4 Bxg4 33. f5 Bg5 34. Bb2 Ra4
35. Qd4 Rxb4 36. axb4 Bxf5 37. Rf3 Be4 38. Rf2 Bxg2 39. Rxg2 Qe7 40. Qg4 Bh6
41. Qh5 Be3+ 42. Kh1 d4 43. Qf3 Qxe5 44. Qxc6 Qe4 45. Qxe4 Rxe4 46. c6 Re8 47.
Rg4 Rc8 48. Bxd4 Bxd4 49. Rxd4 Rxc6 50. Rd5 f6 51. Rxb5 Kf7 52. Rb7+ Kg6 53.
Kg2 Rc3 54. b5 Rb3 55. b6 f5 56. Kh2 Kf6 57. Rb8 g5 58. b7 Kg7 59. Kg2 g4 60.
Kf2 f4 61. Rd8 Rb2+ 62. Kf1 Rxb7 63. Rd4 Rf7 64. Rd6 Rf6 65. Rd8 h3 66. Rd5 0-1

[Event " 3rd International Chess Festival Sport"]
[Site "Paracin"]
[Date "2010.07.10"]
[Round "2.2"]
[White "Popovic Djordje D"]
[Black "Abramovic Bosko"]
[Result "0-1"]
[WhiteElo "2304"]
[BlackElo "2491"]
[Annotator "Milojevic,Boban"]
[PlyCount "146"]
[EventDate "2010.??.??"]
[TimeControl "5400"]

1. d4 Nf6 2. c4 e6 3. Nc3 d5 4. cxd5 exd5 5. Bg5 Be7 6. Qc2 c6 7. e3 Nbd7 8.
Bd3 Nh5 9. Bxe7 Qxe7 10. Nge2 Nb6 11. O-O g6 12. Rab1 O-O 13. Rfe1 Bd7 14. Ng3
Nf6 15. b4 Rad8 16. Nf1 Nh5 17. Ng3 Ng7 18. Nce2 h5 19. h3 h4 20. Nf1 Bf5 21.
Nd2 a6 22. Nf4 Nc8 23. Nf3 Nd6 24. Ne5 g5 25. Bxf5 Ngxf5 26. Nfd3 Kg7 27. Nc5
f6 28. Ned3 Rfe8 29. Qd1 Ne4 30. Rc1 Nfd6 31. Qg4 Nf7 32. Qd1 Ra8 33. f4 a5 34.
fxg5 fxg5 35. bxa5 Rxa5 36. a4 Nfd6 37. Nxe4 Qxe4 38. Ne5 Raa8 39. Qh5 Rxe5 40.
dxe5 Qxe5 41. Qg4 Kg6 42. Qb4 Re8 43. a5 Ra8 44. Kh1 Ne4 45. Rc2 Qc7 46. Ra2 c5
47. Qb5 Ra6 48. Rb2 Rf6 49. Qe8+ Kg7 50. Rb6 Nf2+ 51. Kg1 Nxh3+ 52. Kh1 Nf2+
53. Kg1 Ng4 54. Rxf6 Qh2+ 55. Kf1 Qh1+ 56. Ke2 Qxg2+ 57. Rf2 Qxf2+ 58. Kd1 Nf6
59. Qe7+ Kg6 60. Qxb7 h3 61. a6 h2 62. a7 Qxe1+ 63. Kxe1 h1=Q+ 64. Ke2 Qg2+ 65.
Ke1 Qg1+ 66. Ke2 Ne4 67. Qc6+ Kh5 68. Qe8+ Kh4 69. Qxe4+ dxe4 70. a8=Q Qg2+ 71.
Ke1 Qg3+ 72. Kd1 Qf3+ 73. Kc2 Qxe3 0-1

[Event " 3rd International Chess Festival Sport"]
[Site "Paracin"]
[Date "2010.07.10"]
[Round "2.2"]
[White "Zivkovic Sava"]
[Black "Savic Miodrag R"]
[Result "0-1"]
[WhiteElo "2289"]
[BlackElo "2477"]
[Annotator "Milojevic,Boban"]
[PlyCount "82"]
[EventDate "2010.??.??"]
[TimeControl "5400"]

1. e4 d5 2. exd5 Qxd5 3. Nc3 Qa5 4. d4 Nf6 5. Nf3 c6 6. Bc4 Bf5 7. Bd2 e6 8.
Qe2 Bb4 9. O-O-O Nbd7 10. Kb1 O-O-O 11. a3 Bxc3 12. Bxc3 Qc7 13. Nh4 Be4 14.
Nf3 Bg6 15. g3 Rhe8 16. Bd2 Bh5 17. Bf4 Qb6 18. Rhe1 Qa5 19. h3 Qf5 20. Rd3 Nb6
21. Qe5 Qxe5 22. Nxe5 Nfd5 23. Bxd5 Nxd5 24. Bc1 f6 25. Nc4 Bg6 26. Rdd1 h5 27.
Ne3 Nc7 28. a4 Rd7 29. b3 Red8 30. Bb2 Be4 31. Nc4 Bg2 32. h4 e5 33. c3 c5 34.
Ne3 Bf3 35. Rd2 Ne6 36. Nc2 Bg4 37. Kc1 cxd4 38. cxd4 exd4 39. Kb1 d3 40. Ne3
Be2 41. Ba3 Nd4 0-1

[Event " 3rd International Chess Festival Sport"]
[Site "Paracin"]
[Date "2010.07.10"]
[Round "2.2"]
[White "Janev Evgeni"]
[Black "Dinic Dragan"]
[Result "1/2-1/2"]
[WhiteElo "2463"]
[BlackElo "2285"]
[Annotator "Milojevic,Boban"]
[PlyCount "84"]
[EventDate "2010.??.??"]
[TimeControl "5400"]

1. e4 e5 2. Nf3 Nc6 3. Bc4 Bc5 4. d3 Nf6 5. c3 Qe7 6. Nbd2 a6 7. a4 d6 8. b4
Ba7 9. O-O O-O 10. Bb3 h6 11. Nc4 Be6 12. Ne3 Nh5 13. Nd5 Bxd5 14. exd5 Nb8 15.
d4 Nd7 16. Re1 Qf6 17. a5 Nf4 18. g3 Ng6 19. Qd3 Rfe8 20. Bd2 Ndf8 21. h4 Nd7
22. Ba4 Ngf8 23. Kg2 Red8 24. h5 Re8 25. Rac1 Re7 26. Re2 Rae8 27. dxe5 dxe5
28. Rce1 Qd6 29. Nh4 e4 30. Rxe4 Rxe4 31. Rxe4 Rxe4 32. Qxe4 Nf6 33. Qf3 Qxd5
34. Qxd5 Nxd5 35. Nf5 Ne6 36. Bb3 Nf6 37. Kf3 Nxh5 38. Bd5 Nd8 39. Ne7+ Kf8 40.
Nc8 Bb8 41. Bb3 Ne6 42. Ba4 Nf6 1/2-1/2

[Event " 3rd International Chess Festival Sport "]
[Site "Paracin"]
[Date "2010.07.10"]
[Round "2.9"]
[White "Radosavljevic, Slobodan D"]
[Black "Dochev, Dimitar"]
[Result "0-1"]
[WhiteElo "2280"]
[BlackElo "2430"]
[PlyCount "63"]
[EventDate "2010.07.09"]

1. c4 g6 2. g3 Bg7 3. Bg2 d6 4. Nc3 Nc6 5. Nf3 Nf6 6. O-O O-O 7. d3 e5 8. Rb1
a5 9. a3 Re8 10. Bg5 h6 11. Bxf6 Bxf6 12. b4 axb4 13. axb4 Bg7 14. b5 Ne7 15.
Ne1 c6 16. Nc2 Be6 17. Nb4 Qd7 18. Qc2 f5 19. Rfc1 Bf7 20. e3 Ra5 21. Ra1 Rxa1
22. Rxa1 cxb5 23. Nxb5 d5 24. Ra7 Nc8 25. Ra8 dxc4 26. dxc4 e4 27. Bf1 Kh7 28.
Nd5 Qc6 29. Nbc7 Rd8 30. Qb3 Be5 31. Nb5 b6 32. Ra6 0-1

[Event " 3rd International Chess Festival Sport "]
[Site "Paracin"]
[Date "2010.07.10"]
[Round "2.10"]
[White "Adnoy, Hallvard V"]
[Black "Zlatanovic, Boroljub"]
[Result "1-0"]
[WhiteElo "2275"]
[BlackElo "2422"]
[PlyCount "135"]
[EventDate "2010.07.09"]

1. d4 g6 2. e4 Bg7 3. Nf3 d6 4. Bc4 c6 5. Bb3 Nf6 6. Qe2 O-O 7. e5 Nd5 8. h3 b5
9. O-O b4 10. Re1 a5 11. a3 Na6 12. axb4 axb4 13. Nbd2 Nac7 14. Rxa8 Nxa8 15.
Qe4 Nac7 16. Qh4 f6 17. exd6 exd6 18. Nc4 Be6 19. Qg3 Ne7 20. Qxd6 Qxd6 21.
Nxd6 Ned5 22. Bd2 Rb8 23. Ra1 Bf8 24. Ne4 f5 25. Neg5 Bc8 26. Ne5 Bb7 27. Nd7
Ra8 28. Rxa8 Nxa8 29. Nxf8 Kxf8 30. Bxd5 cxd5 31. Nxh7+ Kg7 32. Ng5 b3 33. Ne6+
Kf6 34. Nc5 Bc6 35. c3 Nb6 36. Nxb3 Nc4 37. Bc1 Ba4 38. Nc5 Bc2 39. h4 Na5 40.
f3 Nb3 41. Bg5+ Kf7 42. Nd7 Na5 43. Ne5+ Kg7 44. Kf2 Bb3 45. Ke2 Nc4 46. Nd3
Ba4 47. Bc1 Bb5 48. Kf2 Na5 49. Nc5 Bc4 50. g4 fxg4 51. fxg4 Bb5 52. Kg3 Be2
53. Kf4 Kf6 54. Nd7+ Ke7 55. Ne5 Kf6 56. Kg3 Nb3 57. Bh6 Bb5 58. Bg5+ Kg7 59.
h5 gxh5 60. gxh5 Na5 61. h6+ Kh7 62. Kf4 Nb7 63. Kf5 Ba4 64. Ke6 Bb3 65. Bf4
Na5 66. Kd6 Nb7+ 67. Kc7 Na5 68. Kb6 1-0

[Event " 3rd International Chess Festival Sport "]
[Site "Paracin"]
[Date "2010.07.10"]
[Round "2.12"]
[White "Pantic, Ivica"]
[Black "Pakhomov, Alexey"]
[Result "1/2-1/2"]
[WhiteElo "2269"]
[BlackElo "2412"]
[PlyCount "44"]
[EventDate "2010.07.09"]

1. e4 Nc6 2. d4 d5 3. e5 Bf5 4. Nf3 e6 5. c3 Qd7 6. Bb5 a6 7. Be2 f6 8. O-O Bg6
9. b4 Nge7 10. Re1 Nf5 11. a4 fxe5 12. dxe5 Be7 13. Na3 O-O 14. b5 axb5 15.
axb5 Nd8 16. Nd4 c5 17. Nxf5 Bxf5 18. c4 d4 19. Bd3 Bxd3 20. Qxd3 Nf7 21. f4
Nh6 22. Bd2 Bh4 1/2-1/2

[Event " 3rd International Chess Festival Sport "]
[Site "Paracin"]
[Date "2010.07.10"]
[Round "2.13"]
[White "Mikanovic, Sandro"]
[Black "Pancevski, Filip"]
[Result "0-1"]
[WhiteElo "2255"]
[BlackElo "2402"]
[PlyCount "140"]
[EventDate "2010.07.09"]

1. d4 g6 2. Nf3 Bg7 3. c4 d6 4. Nc3 Nf6 5. g3 O-O 6. Bg2 a6 7. O-O Nc6 8. a3
Rb8 9. b4 e6 10. Bb2 Nd7 11. Rc1 Ne7 12. c5 b6 13. cxd6 cxd6 14. Ne4 Nf5 15.
Qd3 Bb7 16. Rc2 b5 17. Nfd2 Nb6 18. Nb3 Bd5 19. Ned2 Bc4 20. Qf3 Bxb3 21. Nxb3
Nc4 22. Qd3 Ne7 23. Nd2 d5 24. Nb3 Nc6 25. e3 a5 26. bxa5 N6xa5 27. Nc5 Nb7 28.
Nxb7 Rxb7 29. Rb1 f5 30. Bc1 Qd7 31. Bf1 Ra8 32. Rc3 Bf8 33. Rcb3 Ra5 34. Qc3
Rba7 35. Be2 Bd6 36. Bf1 Kg7 37. Be2 Kf7 38. Bf1 Kg8 39. Be2 Kg7 40. Bf1 Nxa3
41. Bxa3 Rxa3 42. Bd3 b4 43. Qc2 Rc7 44. Qd2 h5 45. Kg2 h4 46. Qe2 Qd8 47. R3b2
Qh8 48. Rc2 Rxc2 49. Bxc2 Rc3 50. Bd1 Kf6 51. Qa6 Qb8 52. Qa4 Rc7 53. Bf3 g5
54. g4 h3+ 55. Kf1 Qc8 56. Qd1 Qa6+ 57. Be2 Qa2 58. gxf5 exf5 59. Bd3 g4 60.
Ra1 Qb2 61. Rb1 Qc3 62. Kg1 Ra7 63. Rc1 Qa3 64. Rb1 Qa2 65. Bc2 Rc7 66. Bb3
Bxh2+ 67. Kf1 Qa6+ 68. Qe2 Qxe2+ 69. Kxe2 Ke6 70. Ra1 Rc3 0-1

[Event " 3rd International Chess Festival Sport "]
[Site "Paracin"]
[Date "2010.07.10"]
[Round "2.14"]
[White "Ardeleanu, Alin"]
[Black "Stojanovic, Zlatko"]
[Result "1/2-1/2"]
[WhiteElo "2399"]
[BlackElo "2255"]
[PlyCount "43"]
[EventDate "2010.07.09"]

1. d4 Nf6 2. Nf3 g6 3. g3 Bg7 4. Bg2 O-O 5. O-O d6 6. c4 c5 7. dxc5 dxc5 8. Nc3
Nc6 9. Be3 Be6 10. Qxd8 Rfxd8 11. Bxc5 Bxc4 12. Rfd1 e6 13. Nd4 Nxd4 14. Bxd4
Ba6 15. Rac1 Ne8 16. Bxg7 Nxg7 17. e3 Kf8 18. Ne4 Be2 19. Rxd8+ Rxd8 20. Nc3
Ba6 21. Rd1 Rxd1+ 22. Nxd1 1/2-1/2

[Event " 3rd International Chess Festival Sport "]
[Site "Paracin"]
[Date "2010.07.10"]
[Round "2.15"]
[White "Milosevic, Aleksandar"]
[Black "Kojovic, Dragan"]
[Result "1/2-1/2"]
[WhiteElo "2244"]
[BlackElo "2381"]
[PlyCount "96"]
[EventDate "2010.07.09"]

1. Nf3 Nf6 2. c4 g6 3. Nc3 d5 4. cxd5 Nxd5 5. e4 Nxc3 6. dxc3 Qxd1+ 7. Kxd1 f6
8. Be3 e5 9. Nd2 Nd7 10. Nb3 b6 11. Kc2 Bb7 12. Bd3 h5 13. Rhd1 Bh6 14. Bxh6
Rxh6 15. f3 Ke7 16. Rd2 Rhh8 17. a4 a5 18. Bb5 Rhd8 19. Rad1 Nf8 20. Nc1 Rxd2+
21. Rxd2 c6 22. Bc4 Ne6 23. Nd3 Bc8 24. Rd1 Bd7 25. g3 g5 26. Rf1 Rd8 27. f4
exf4 28. gxf4 g4 29. f5 Ng5 30. e5 c5 31. Nf4 Bxf5+ 32. Kc1 Nf3 33. exf6+ Kxf6
34. Nxh5+ Kg5 35. Ng3 Bg6 36. Rf2 Rh8 37. Nf1 Re8 38. Be2 Ng1 39. Bxg4 Re1+ 40.
Bd1 Nh3 41. Rg2+ Kf6 42. Rg3 Ng5 43. Ne3 Ne4 44. Ng4+ Kg7 45. Rg2 Kh8 46. Nf2
Nxf2 47. Rxf2 Bh5 48. Rd2 c4 1/2-1/2

[Event " 3rd International Chess Festival Sport "]
[Site "Paracin"]
[Date "2010.07.10"]
[Round "2.17"]
[White "Grujic, Nebojsa"]
[Black "Colovic, Dusan"]
[Result "1/2-1/2"]
[WhiteElo "2188"]
[BlackElo "2369"]
[PlyCount "53"]
[EventDate "2010.07.09"]

1. d4 d6 2. Nf3 g6 3. Bf4 Bg7 4. e3 Nd7 5. Bc4 Nh6 6. O-O O-O 7. e4 Nb6 8. Bb3
c5 9. c3 cxd4 10. cxd4 d5 11. e5 Bg4 12. Nbd2 f6 13. exf6 exf6 14. h3 Bf5 15.
Rc1 g5 16. Bh2 Rf7 17. Re1 Bf8 18. a3 Bd6 19. Bxd6 Qxd6 20. Qe2 g4 21. hxg4
Nxg4 22. Nf1 Kh8 23. Ng3 Bd7 24. Qd2 Rg8 25. Nh5 f5 26. Ne5 Rff8 27. f3 1/2-1/2

[Event " 3rd International Chess Festival Sport "]
[Site "Paracin"]
[Date "2010.07.10"]
[Round "2.18"]
[White "Kiroski, Toni"]
[Black "Milovanovic, Srboljub"]
[Result "1-0"]
[WhiteElo "2362"]
[BlackElo "2219"]
[PlyCount "109"]
[EventDate "2010.07.09"]

1. e4 c5 2. Nf3 Nc6 3. Bb5 d6 4. d4 cxd4 5. Qxd4 Bd7 6. Bxc6 Bxc6 7. c4 Nf6 8.
Nc3 g6 9. O-O Bg7 10. Qd3 O-O 11. Nd4 Nd7 12. Be3 Ne5 13. Qe2 Bd7 14. h3 Rc8
15. b3 Nc6 16. Rfd1 Nxd4 17. Bxd4 Bxd4 18. Rxd4 Qb6 19. Rad1 Bc6 20. Nd5 Bxd5
21. exd5 Rfe8 22. Re4 Rc7 23. Rd3 Qc5 24. Rde3 a6 25. Rxe7 Rexe7 26. Rxe7 Rxe7
27. Qxe7 Qa3 28. g3 Qb4 29. Kg2 b6 30. Qb7 a5 31. Qc6 Kg7 32. Qb5 Kf6 33. Qxb4
axb4 34. f4 g5 35. Kf3 Kg6 36. fxg5 Kxg5 37. Ke4 h5 38. Kf3 Kf5 39. Ke3 Ke5 40.
Kd3 Kf5 41. Ke3 Ke5 42. Kd3 Kf5 43. Kd4 Kf6 44. Ke4 Kg5 45. Kf3 Kf5 46. g4+
hxg4+ 47. hxg4+ Kg5 48. Kg3 f6 49. Kf3 f5 50. gxf5 Kxf5 51. Ke3 Ke5 52. Kd3 Kf5
53. Kc2 Ke4 54. Kb2 b5 55. a4 1-0

[Event " 3rd International Chess Festival Sport "]
[Site "Paracin"]
[Date "2010.07.10"]
[Round "2.19"]
[White "Savic, Dragan"]
[Black "Lahiri, Atanu"]
[Result "0-1"]
[WhiteElo "2182"]
[BlackElo "2353"]
[PlyCount "90"]
[EventDate "2010.07.09"]

1. e4 e6 2. d4 d5 3. e5 c5 4. c3 Nc6 5. Nf3 Qb6 6. dxc5 Bxc5 7. Qc2 Qc7 8. Bb5
a6 9. Bxc6+ bxc6 10. O-O Ne7 11. Re1 Bb6 12. a4 c5 13. a5 Bxa5 14. Qa4+ Nc6 15.
Qg4 O-O 16. Bg5 Kh8 17. Qh4 Rg8 18. Bf4 Bb6 19. Ng5 h6 20. Re3 Qe7 21. Qh5 Rf8
22. Rg3 f6 23. Nf3 Bd7 24. Nh4 Be8 25. Rg6 Nxe5 26. Bxe5 fxe5 27. Qxe5 Rf6 28.
Rg4 c4 29. Nf3 Rf5 30. Qe2 Bh5 31. Rg3 Bxf3 32. Rxf3 Rxf3 33. gxf3 Qg5+ 34. Kf1
Bc7 35. Qxe6 Bxh2 36. Qg4 Qf6 37. Na3 Rf8 38. Kg2 Bd6 39. Nc2 Qe5 40. Rxa6 Qh2+
41. Kf1 Bc5 42. Qg2 Qf4 43. Qh3 Qd2 44. Nd4 Bxd4 45. cxd4 c3 0-1

[Event " 3rd International Chess Festival Sport "]
[Site "Paracin"]
[Date "2010.07.10"]
[Round "2.21"]
[White "Rajkovic, Branislav"]
[Black "Pantelic, Sasa"]
[Result "0-1"]
[WhiteElo "2175"]
[BlackElo "2335"]
[PlyCount "82"]
[EventDate "2010.07.09"]

1. e4 c5 2. Nf3 d6 3. d4 cxd4 4. Nxd4 Nf6 5. Nc3 g6 6. Be3 Bg7 7. f3 O-O 8. Qd2
Nc6 9. Bc4 Bd7 10. h4 Qa5 11. O-O-O Rfc8 12. Bb3 Ne5 13. h5 Nxh5 14. Nd5 Qxd2+
15. Rxd2 Kf8 16. Rh4 e6 17. Nc3 Nc4 18. Bxc4 Rxc4 19. g4 Nf6 20. Nde2 d5 21. g5
Nh5 22. Rh1 Bc6 23. exd5 exd5 24. Rd3 Re8 25. b3 Rxc3 26. Nxc3 Rxe3 27. Rxe3 d4
28. Rd3 dxc3 29. Re1 Kg8 30. Rd8+ Bf8 31. Re3 Nf4 32. Kb1 Ne6 33. Ra8 a6 34.
Rxc3 Nxg5 35. f4 Ne4 36. Rd3 Kg7 37. c3 Bd6 38. f5 gxf5 39. b4 f4 40. Kb2 Be5
41. Rad8 Bf6 0-1

[Event " 3rd International Chess Festival Sport "]
[Site "Paracin"]
[Date "2010.07.10"]
[Round "2.22"]
[White "Bargan, Sergei"]
[Black "Vucinic, Gojko"]
[Result "1-0"]
[WhiteElo "2331"]
[BlackElo "2038"]
[PlyCount "79"]
[EventDate "2010.07.09"]

1. e4 c5 2. Nf3 d6 3. d4 cxd4 4. Qxd4 Nc6 5. Bb5 Bd7 6. Bxc6 Bxc6 7. Nc3 Nf6 8.
Bg5 e6 9. O-O-O Be7 10. Rhe1 O-O 11. Qd2 h6 12. Bf4 e5 13. Bg3 a5 14. Bh4 Nxe4
15. Nxe4 Bxh4 16. Nxh4 Qxh4 17. g3 Qxh2 18. Rh1 Qg2 19. Nf6+ gxf6 20. Qxh6 Qxh1
21. Rxh1 Bxh1 22. Qxh1 Rfd8 23. Qxb7 d5 24. b3 Rac8 25. Qa6 Kg7 26. Qxa5 d4 27.
Kd1 e4 28. Qf5 d3 29. c4 Ra8 30. a4 Rab8 31. g4 Rxb3 32. g5 Rb1+ 33. Kd2 Rb2+
34. Kc3 Rc2+ 35. Kb4 Rb8+ 36. Kc5 fxg5 37. Qe5+ Kg6 38. Qxb8 Rxf2 39. Qg8+ Kh5
40. Qh7+ 1-0

[Event " 3rd International Chess Festival Sport "]
[Site "Paracin"]
[Date "2010.07.10"]
[Round "2.25"]
[White "Stanojoski, Zvonko"]
[Black "Radovic, Stefan"]
[Result "1-0"]
[WhiteElo "2487"]
[BlackElo "2185"]
[PlyCount "105"]
[EventDate "2010.07.09"]

1. c4 c5 2. g3 g6 3. Bg2 Bg7 4. Nf3 Nc6 5. O-O e5 6. Nc3 Nge7 7. Rb1 O-O 8. a3
a5 9. d3 d6 10. Ne1 Be6 11. Nd5 Rb8 12. Bg5 f6 13. Bd2 b5 14. b3 b4 15. Nc2 Kh8
16. e3 Qd7 17. axb4 axb4 18. Re1 Bg4 19. f3 Be6 20. f4 Bg4 21. Qc1 Nxd5 22.
cxd5 Ne7 23. fxe5 fxe5 24. e4 Ra8 25. Ne3 Bh3 26. Bxh3 Qxh3 27. Ra1 Rxa1 28.
Qxa1 Bh6 29. Nc4 Bxd2 30. Nxd2 Ng8 31. Rf1 Rxf1+ 32. Nxf1 Nf6 33. Qa6 Qd7 34.
Ne3 Kg7 35. Kg2 Ng4 36. Nc4 Qf7 37. Qa2 Qe7 38. h3 Nf6 39. Qa6 Ne8 40. Qc8 Kf7
41. h4 Kg7 42. Na5 Qc7 43. Qxe8 Qxa5 44. Qe7+ Kg8 45. Qe6+ Kg7 46. Qxd6 Qa2+
47. Kh3 Qa1 48. Qe7+ Kg8 49. Qxc5 Qh1+ 50. Kg4 Qd1+ 51. Kg5 h6+ 52. Kxg6 Qg4+
53. Kf6 1-0